000 01387nam a22003977a 4500
003 CHAP
005 20220719093251.0
008 971010s1970 r 00010 d
010 _a65390
011 _a66362
035 _a74473
040 _cCHAP
090 _aTesis
100 1 0 _aGómez Ortiz, Julián
_949841
245 _aDeterminación de algunos indicadores climáticos para especies frutícolas caducifolias
260 _aChapingo, Méx. :
_bEl autor,
_c1970
300 _a56 h. mapa
500 _a1993-83
502 _aTesis (Ing. Agr. Esp. en Industrias Agrícolas) -- ENA. Departamento de Industrias Agrícolas
590 _aALEPH
_b10
_c20130110
_lUCH01
_h1356
590 _aBATCH-UPD
_b10
_c20130110
_lUCH01
_h1626
590 _aBATCH-UPD
_b10
_c20130410
_lUCH01
_h1020
590 _aBATCH-UPD
_b10
_c20130914
_lUCH01
_h1126
590 _aCONVERSION
_b10
_c20130109
_lUCH01
_h1336
650 1 4 _aArboles frutales
_xEfecto del clima.
_96671
650 1 4 _aCultivos y clima.
_930392
901 _aBK
942 _cFOLL
949 _bBC
_cTES
_d-46534
_eTS1
_i74473
_si
949 _bBC
_cTES
_d-46535
_eTS2
_fc.2
_i74473
_si
949 _bBC
_cTES
_d-46536
_eTS2
_fc.3
_i74473
_si
949 _bIA
_cTESBD
_d-46529
_eTS2
_fc.2
_i74473
_si
949 _bIA
_cTESBD
_d-46531
_eTS2
_fc.3
_i74473
_si
949 _bIA
_cTESBD
_d-46533
_eTS2
_fc.4
_i74473
_si
949 _bIA
_cTESBD
_d-7343
_eTS1
_i74473
_si
999 _c65390
_d65390